000 00901nam a2200265Ia 4500
003 OSt
005 20220930080206.0
006 a|||||r|||| 00| 0
007 ta
008 220926b |||||||| |||| 00| 0 eng d
024 _a85940
037 _cTheses
040 _aCRL
_cCRL
_beng
041 _2eng
_aeng
100 _aBhutia Kazila
_9538275
110 _aUniversity of Delhi. Faculty of Medical Sciences. Department of Obstetrics and Gynaecology
245 0 _aColposcopic evaluation of women with persistent inflammatory changes in pap smear
260 _c2006
650 _aWOMEN - DISEASES
700 _a Dr Kiran Aggarwal Gu.
700 _a Dr Manju Puri Gu.
_9536203
700 _aUniversity of Delhi. Faculty of Medical Sciences. Department of Obstetrics and Gynaecology
942 _cDIS
_2CC
999 _c869436
_d869436